000 00441nam a2200181Ia 4500
001 14003
005 20260306164842.0
008 260306t2007||||xx |||||||||||||| ||spa||
041 _aESP
082 _a005.8
_bG63
100 _aGómez Vieites, Alvaro
_eAUT
245 0 _aEnciclopedia de la seguridad informática
260 _c2007
300 _a696 páginas :
_c23 cm.
650 _aGEN
654 _aCCC
942 _cLIB
_dJUS
_fJUS
_2ddc
_n
999 _c14003
_d14003